Bayern Monachium- rekordy - Statystyki

Ogólne statystyki
  • Ten quiz został rozwiązany 248 razy
    74 od ostatniego zresetowania
  • Średni wynik to 6 z 15
Statystyki odpowiedzi
podpowiedź odpowiedź % Poprawnych
Najwięcej goli w Lidze Mistrzów Robert Lewandowski
85%
Najwięcej asyst(wszystkie rozgrywki) Thomas Muller
85%
Najwięcej goli(wszystkie rozgrywki) Gerd Muller
84%
Liczba wygranych Mistrzostw Niemiec 33
69%
Najdrożej kupiony piłkarz - 95,00 mln € sezon 2023/2024 Harry Kane
66%
Liczba wygranych Super Pucharów Niemiec 10
65%
Liczba wygranych Pucharów Niemiec 20
61%
Rywal przeciw którego odnieśli największe zwycięstwo w Bundeslidze- 27 lis 1971 11:1 Borussia Dortmund
27%
Najdrożej sprzedany piłkarz 45,00 mln € sezon 2023/2024 Lucas Hernández
19%
Najmłodszy strzelec gola(wszystkie rozgrywki) 17 lat 04 miesięcy 04 dni data meczu:31 sie 2022 Mathys Tel
18%
Najwięcej występów(wszystkie rozgrywki) Sepp Maier
16%
Obcokrajowiec z największą ilością występów David Alaba
10%
Rywal przeciw którego odnieśli największą porażke w Bundeslidze- 9 paź 1976 0:7 Schalke 04
10%
Najstarszy strzelec gola(wszystkie rozgrywki) 38 lat 07 miesięcy 30 dni data meczu:20 lis 1999 Lothar Matthaus
5%
Najdłużej pracujący trener( w trakcie jednego pobytu) 2191 Dni Ottmar Hitzfeld
3%
Nie znaleziono quizów pasujących do podanych kryteriów
Rozkład punktacji
Procent ludzi z każdym wynikiem
Percentyl według liczby udzielonych odpowiedzi
Twoja historia wyników
Nie rozwiązałeś tego quizu od ostatniego zresetowania